Biblioteca

Carlomagno y el imperio carolingio (Registro nro. 69257)

Detalles MARC
000 -LÍDER
Campo fijo de descripción fija 02170aam a2200361 i 4500
001 - NÚMERO DE CONTROL
Campo de control 768714001
003 - IDENTIFICADOR DEL NÚMERO DE CONTROL
Campo de control CO-MdFUSB
005 - FECHA Y HORA DE LA ULTIMA TRANSACCIÓN
control field 20240126113250.0
007 - CAMPO FIJO DE DESCRIPCIÓN FIJA--INFORMACIÓN GENERAL
Campo fijo de descripción fija ta
008 - ELEMENTOS DE LONGITUD FIJA -- INFORMACIÓN GENERAL
Campo fijo de descripción fija -- Información general 231101t19921992spa||||g |||| 00| 0 spa d
020 ## - NÚMERO INTERNACIONAL NORMALIZADO PARA LIBROS
Número Internacional Normalizado del libro 8476006780
040 ## - FUENTE DE CATALOGACIÓN
Agencia de catalogación original CO-MdFUSB
Idioma de catalogación spa
Agencia que realiza la transcripción CO-MdFUSB
Agencia que realiza la modificación CO-MdFUSBC
Convenciones de la descripción rda
041 ## - CÓDIGO DE IDIOMA
Código de idioma para texto/pista de sonido o título separado spa
Código de idioma original fre
082 ## - NÚMERO DE CLASIFICACIÓN DECIMAL DEWEY
Número de la edición del Dewey 23
Número de clasificación 944.01
Clave de autor-Numero de item H195
100 ## - ASIENTO PRINCIPAL--NOMBRE PERSONAL
Nombre personal Halphen, Louis,
Término relacionador autor
240 ## - TITULO UNIFORME
Título uniforme <a href="Charlemagne et l´empire carolingien">Charlemagne et l´empire carolingien</a>
245 ## - TÍTULO
Título del Material Carlomagno y el imperio carolingio
Mención de responsabilidad, etc. / Louis Halphen ; traducido por María Elena Jorge Margallo
264 #1 - PRODUCCIÓN, PUBLICACIÓN, DISTRIBUCIÓN, MANUFACTURA, Y COPYRIGHT
Lugar de producción, publicación, distribución, manufactura Madrid, España:
Nombre del productor, publicador, distribuidor Akal,
Fecha de producción, publicación, distribución, manufactura, o copyright [1992]
264 #4 - PRODUCCIÓN, PUBLICACIÓN, DISTRIBUCIÓN, MANUFACTURA, Y COPYRIGHT
Fecha de producción, publicación, distribución, manufactura, o copyright ©1992
300 ## - DESCRIPCIÓN FÍSICA
Extensión 451 páginas
Dimensiones ; 22 cm
336 ## - TIPO DE CONTENIDO
Fuente rdacontent
Término de tipo de contenido texto
Código de tipo de contenido txt
337 ## - TIPO DE MEDIO
Fuente rdamedia
Nombre del tipo de medio sin mediación
Código del tipo de medio n
338 ## - TIPO DE SOPORTE
Fuente rdacarrier
Nombre del tipo de soporte volumen
Código Tipo de soporte nc
490 ## - MENCIÓN DE SERIE
Mención de serie Historia antigua
504 ## - NOTA DE BIBLIOGRAFÍA, ETC.
Nota de bibliografía, etc Incluye índice y bibliografía
505 ## - NOTA DE CONTENIDO
Información miscelánea Libro primero:
Nota de contenido con formato preestablecido Los cimientos del Imperio. El establecimiento de la monarquía carolingia -- El logro de Pipino -- Carlomagno y la compleción territorial del reino franco -- La anexión del reino lombardo -- Carlomagno se convierte en emperador -- La organización política y administrativa -- El emperador.<br/>
Información miscelánea Libro segundo:
Nota de contenido con formato preestablecido El destino del Imperio bajo Luis el Piadoso. El establecimiento de un Imperio unificado -- La oposición al nuevo gobierno y la penitencia de Attigny -- El cambio de actitud del gobierno imperial, 822-829 -- La revuelta de los hijos de Luis y el golpe de Estado de Lotario -- La restauración de Luis el Piadoso y los últimos años de su reinado<br/>
Información miscelánea Libro tercero:
Nota de contenido con formato preestablecido El desmembramiento del Imperio. La partición y la política de concordia -- El régimen de la cooperación fraterna -- La Iglesia como guardiana de la unidad de los cristianos -- La oportunidad del Papa: Nicolás I -- La noción de imperio revivida: Luis II -- La apelación del papado a Carlos el Calvo -- Carlos el Gordo -- La disolución del Imperio carolingio -- En el umbral de un nuevo mundo.
563 ## - NOTA DE ENCUADERNACIÓN
Nota de encuadernación Rústico.
653 ## - TÉRMINO DE INDIZACIÓN - NO CONTROLADO
Término no controlado Carlo Magno
653 ## - TÉRMINO DE INDIZACIÓN - NO CONTROLADO
Término no controlado Emperador
700 ## - ASIENTO SECUNDARIO - NOMBRE PERSONAL
9 (RLIN) 8970
Nombre personal Jorge Margallo, María Elena,
Responsabilidad traductor
942 ## - TIPO DE MATERIAL (KOHA)
Tipo de Item KOHA Libros General
945 ## - INFORMACIÓN LOCAL DEL REGISTRO
Catalogador sor1564
Existencias
Estado de Material Estado de Perdido Forma de Clasificación Estado de Dañado No para Préstamo Colección Biblioteca de Origen Biblioteca Permanente Fecha de Adquisición Área Total de Préstamos Signatura Topográfica Código de Barras Última vez visto Ejemplar/Existencia Fecha de Remplazo Tipo de Material
    Dewey Decimal Classification     Colección General Biblioteca FUSBC Biblioteca FUSBC 01/11/2023 TEOLOGÍA CRISTIANA   G 944.01 H195c 22382 01/11/2023 Ej. 1 01/11/2023 Libros General

Biblioteca FUSBC | Teléfono: (57+4) 349 88 10 Ext. 141| WhatsApp (+57) 3005338115 
E-mail: biblioteca@unisbc.edu.co | Calle 76 87-14 Robledo Palenque, Medellín, Colombia

Con tecnología Koha